000 01151nam a2200253Ia 4500
001 7051
003 GE_BSU
008 181216s||||||||xx |||||||||||||| ||und||
020 _a9789941192562.(ტ.7)
040 _cGE_BSU
080 _a821.353.1-31+821.353.1-32+821.353.1-92=821.353.1-4
100 _aჯავახიშვილი,მიხეილ.
245 _aმოთხრობები;წერილები;ჩანაწერები უბის წიგნაკიდან.
245 _bტ.7 პროზა.
245 _cსარედ.ჯგუფი:ზურაბ აბაშიძე;მანანა ჯანელიძე;ირმა ხარშილაძე;გარეკანის დიზაინერი:.ეთერ გზირიშვილი.
250 _a(ჩემი რჩეული,ISSN 2233-3037)
260 _aთბილისი.
260 _bპალიტრა L.
260 _c2011.
300 _a400გვ;20სმ.
541 _h10ლ.
653 _aმოთხრობები;წერილები;ჩანაწერები.
942 _cBK
999 _c40442
_d40442